[Event "V Open Alta Padovana B"]
[Site "Loreggia ITA"]
[Date "2005.02.25"]
[Round "1"]
[White "Colombo, Luca"]
[Black "Bonollo, Sergio"]
[Result "0-1"]
[WhiteElo "1640"]
[BlackElo "1859"]
[PlyCount "135"]
[EventDate "2005.02.25"]

1. e4 g6 2. d4 Bg7 3. Be3 d6 4. Nf3 Nf6 5. Nc3 O-O 6. h3 b6 7. Bd3 Bb7 8. Qd2
c5 9. d5 Ba6 10. Bxa6 Nxa6 11. Bh6 e6 12. Bxg7 Kxg7 13. O-O exd5 14. exd5 Re8
15. Nb5 Nc7 16. Nxc7 Qxc7 17. c4 Re4 18. Qc3 Rae8 19. Rfe1 Rxe1+ 20. Rxe1 Rxe1+
21. Nxe1 Qe7 22. Kf1 h6 23. a3 Kh7 24. Nc2 Nd7 25. b4 Qe4 26. Qb3 Ne5 27. Ne3
f5 28. f3 Qd4 29. Nc2 Qd2 30. Ne1 cxb4 31. axb4 Qd4 32. c5 dxc5 33. bxc5 Qxc5
34. Qa2 a5 35. Qb2 Nd7 36. Qe2 Qxd5 37. Qe7+ Kg8 38. Qe8+ Nf8 39. Qe3 Qb5+ 40.
Nd3 h5 41. Ke1 a4 42. Nc1 Qb4+ 43. Kd1 b5 44. Qd2 Qc5 45. Nd3 Qd5 46. Nb4 Qb3+
47. Kc1 Ne6 48. Qb2 Qc4+ 49. Kb1 Nd4 50. Qa2 Nb3 51. Nc2 Qf1+ 52. Kb2 Qxg2 53.
Ka3 Qxf3 54. Nd4 Qxh3 55. Nxb5 Kh7 56. Kxa4 Nc5+ 57. Kb4 Nd3+ 58. Kc4 Qe3 59.
Qa3 Ne5+ 60. Kd5 Qxa3 61. Nxa3 Nf3 62. Nc2 h4 63. Ne3 h3 64. Nf1 Kh6 65. Kc4 f4
66. Kd3 h2 67. Nxh2 Nxh2 68. Ke2 0-1

[Event "V Open Alta Padovana B"]
[Site "Loreggia ITA"]
[Date "2005.02.25"]
[Round "1"]
[White "De Vries, Bernhard"]
[Black "Dal Maschio, Costantino"]
[Result "0-1"]
[WhiteElo "1604"]
[BlackElo "1844"]
[PlyCount "78"]
[EventDate "2005.02.25"]

1. d4 Nf6 2. c4 g6 3. Nc3 d5 4. cxd5 Nxd5 5. e4 Nxc3 6. bxc3 Bg7 7. Nf3 O-O 8.
Bc4 c5 9. O-O Qc7 10. Qb3 e6 11. Be3 Nc6 12. Be2 Na5 13. Qc2 cxd4 14. Bxd4 e5
15. Be3 Be6 16. Ng5 Bc4 17. Rac1 b6 18. Rfe1 Bxe2 19. Qxe2 Nc4 20. Nf3 Rfd8 21.
Nd2 Nb2 22. Rc2 Nd3 23. Rd1 Rd7 24. Nb3 Rad8 25. g3 Nf4 26. gxf4 Rxd1+ 27. Kg2
R1d7 28. Kf3 exf4 29. Bxf4 Rd3+ 30. Be3 Rxc3 31. Rxc3 Qxc3 32. Kg2 Qd3 33. Qf3
Re8 34. Nd2 Bc3 35. Qf4 Bxd2 36. Bxd2 Qxe4+ 37. Qf3 Qxf3+ 38. Kxf3 Rc8 39. Ke2
Rc2 0-1

[Event "V Open Alta Padovana B"]
[Site "Loreggia ITA"]
[Date "2005.02.25"]
[Round "1"]
[White "Demiraj, Rumi"]
[Black "Fracasso Pezzolato, Michele"]
[Result "0-1"]
[WhiteElo "1967"]
[BlackElo "1685"]
[PlyCount "63"]
[EventDate "2005.02.25"]

1. e4 c5 2. c3 Nf6 3. f3 e6 4. d4 cxd4 5. cxd4 Be7 6. Nc3 d6 7. Bb5+ Bd7 8. e5
dxe5 9. dxe5 Nd5 10. Bxd7+ Qxd7 11. Nxd5 exd5 12. Ne2 Nc6 13. f4 Bc5 14. Nc3
Rd8 15. a3 O-O 16. Na4 Bd4 17. Bd2 f6 18. Bc3 Bxc3+ 19. Nxc3 fxe5 20. Qd2 Rxf4
21. O-O-O d4 22. g3 Na5 23. Qd3 Rf6 24. Ne4 Rc8+ 25. Kb1 Rb6 26. Ng5 g6 27.
Rhf1 Rc3 28. Qxc3 dxc3 29. Rxd7 Rxb2+ 30. Kc1 Nb3+ 31. Kd1 c2+ 32. Ke2 0-1

[Event "V Open Alta Padovana B"]
[Site "Loreggia ITA"]
[Date "2005.02.25"]
[Round "1"]
[White "Di Cerbo, Giulia"]
[Black "Molena, Paolo"]
[Result "1/2-1/2"]
[WhiteElo "1715"]
[BlackElo "1541"]
[PlyCount "40"]
[EventDate "2005.02.25"]

1. d4 b5 2. e4 Bb7 3. Bd3 e6 4. Bf4 Be7 5. Nf3 a6 6. Nbd2 Nf6 7. O-O d6 8. Qe2
O-O 9. c3 Nbd7 10. e5 Nh5 11. Be3 g6 12. Bh6 Ng7 13. Ne4 Bxe4 14. Bxe4 d5 15.
Bc2 c5 16. Rad1 c4 17. Nd2 Bg5 18. Bxg5 Qxg5 19. f4 Qe7 20. Rf3 b4 1/2-1/2

[Event "V Open Alta Padovana B"]
[Site "Loreggia ITA"]
[Date "2005.02.25"]
[Round "1"]
[White "Favero, Graziano"]
[Black "Mosca, Giulia"]
[Result "1-0"]
[WhiteElo "1751"]
[BlackElo "1587"]
[PlyCount "55"]
[EventDate "2005.02.25"]

1. e4 c6 2. d4 d5 3. exd5 cxd5 4. c4 Nf6 5. Nc3 Nc6 6. Bg5 e6 7. Nf3 Be7 8. c5
O-O 9. Bb5 Ne4 10. Bxe7 Nxe7 11. Bd3 f5 12. Ne5 Qa5 13. Qc2 Qb4 14. Nf3 Nc6 15.
a3 Qa5 16. O-O Bd7 17. b4 Qc7 18. Rfb1 Rac8 19. a4 Rfe8 20. a5 b6 21. axb6 axb6
22. b5 Ne7 23. Ne5 Nf6 24. c6 Bxc6 25. bxc6 Nxc6 26. Nb5 Qb7 27. Nd6 Nxd4 28.
Qb2 1-0

[Event "V Open Alta Padovana B"]
[Site "Loreggia ITA"]
[Date "2005.02.25"]
[Round "1"]
[White "Fogliato, Denis"]
[Black "Valentini, Paola"]
[Result "1-0"]
[WhiteElo "1599"]
[BlackElo "1790"]
[PlyCount "73"]
[EventDate "2005.02.25"]

1. d4 Nf6 2. c4 e6 3. Nc3 Bb4 4. f3 d5 5. Bg5 Nc6 6. e3 O-O 7. Bd3 Be7 8. Nge2
Nb4 9. O-O Nxd3 10. Qxd3 dxc4 11. Qxc4 Bd7 12. Rfd1 c6 13. a3 Nd5 14. Bxe7 Qxe7
15. Qd3 Qg5 16. f4 Qg4 17. h3 Qh4 18. Rf1 Rad8 19. e4 Ne7 20. b4 Kh8 21. Kh2
Ng6 22. e5 Bc8 23. Ne4 Ne7 24. Nd6 Nd5 25. g4 f6 26. Qg3 Qh6 27. Nc3 fxe5 28.
dxe5 Nxc3 29. Qxc3 Qg6 30. Ra2 Kg8 31. Raf2 Qh6 32. Nxc8 Rxc8 33. Qc4 Rfe8 34.
f5 Qg5 35. fxe6 Qxe5+ 36. Kg2 Qxe6 37. Rf8+ 1-0

[Event "V Open Alta Padovana B"]
[Site "Loreggia ITA"]
[Date "2005.02.25"]
[Round "1"]
[White "Gerundino, Nicola"]
[Black "Omeri, Silvan"]
[Result "0-1"]
[WhiteElo "1826"]
[BlackElo "1600"]
[PlyCount "110"]
[EventDate "2005.02.25"]

1. e4 c5 2. Nf3 Nc6 3. d4 cxd4 4. Nxd4 Qc7 5. Nc3 Nf6 6. Be3 e6 7. a3 Be7 8.
Be2 O-O 9. O-O a6 10. Qd2 b5 11. b4 Bb7 12. f4 Nxd4 13. Qxd4 Rfc8 14. Bd2 Qc6
15. Bf3 Qc4 16. Qxc4 Rxc4 17. e5 Bxf3 18. Rxf3 Ne8 19. Re1 Rac8 20. g3 d5 21.
exd6 Nxd6 22. Rd3 h5 23. Nd5 exd5 24. Rxe7 Rxc2 25. Rxd5 Nc4 26. Be1 Nxa3 27.
Rxh5 R2c7 28. Re4 Rc4 29. Rhe5 Rxe4 30. Rxe4 Rc4 31. Rxc4 bxc4 32. Kf2 f5 33.
Ke2 Kf7 34. Kd2 Nb5 35. h3 Ke6 36. g4 g6 37. Bf2 Kd5 38. gxf5 gxf5 39. h4 Ke6
40. Bc5 Kf6 41. Ke3 Kg6 42. Be7 Kh5 43. Kd2 Kg4 44. Bg5 Kh5 45. Ke3 Kg4 46. Kd2
Nd4 47. Kc3 Ne2+ 48. Kxc4 Nxf4 49. Bxf4 Kxf4 50. h5 Kg5 51. Kc5 f4 52. Kd4 Kxh5
53. Ke4 Kg4 54. Kd3 Kf3 55. Kd2 Kg2 0-1

[Event "V Open Alta Padovana B"]
[Site "Loreggia ITA"]
[Date "2005.02.25"]
[Round "1"]
[White "Menin, Massimo"]
[Black "Colusso, Enrico"]
[Result "1/2-1/2"]
[WhiteElo "1538"]
[BlackElo "1712"]
[PlyCount "61"]
[EventDate "2005.02.25"]

1. e4 e5 2. f4 d5 3. exd5 Qxd5 4. Nc3 Qe6 5. Qe2 exf4 6. Qxe6+ Bxe6 7. d3 Nc6
8. Bxf4 O-O-O 9. O-O-O a6 10. Nf3 h6 11. a3 Nf6 12. h3 Nh5 13. Bh2 Bd6 14. g4
Ng3 15. Rg1 Nxf1 16. Bxd6 Ne3 17. Rde1 Nxc2 18. Kxc2 Rxd6 19. Ne4 Rdd8 20. Nc5
Bd5 21. Nd2 Nd4+ 22. Kc3 Ne6 23. Nxe6 Bxe6 24. Rg3 Rhe8 25. Rge3 Bd7 26. Ne4 b6
27. b4 f5 28. gxf5 Bxf5 29. h4 Bxe4 30. Rxe4 Rxe4 31. Rxe4 1/2-1/2

[Event "V Open Alta Padovana B"]
[Site "Loreggia ITA"]
[Date "2005.02.25"]
[Round "1"]
[White "Mihalcea, Vasile"]
[Black "Bonani, Georg"]
[Result "0-1"]
[WhiteElo "1661"]
[BlackElo "1892"]
[PlyCount "74"]
[EventDate "2005.02.25"]

1. e4 e5 2. Bc4 Nf6 3. Nc3 Nc6 4. a3 Be7 5. Nf3 d6 6. h3 a6 7. d3 b5 8. Ba2 Bd7
9. Ne2 d5 10. exd5 Na5 11. Nxe5 Bd6 12. Bf4 O-O 13. b4 Nb7 14. d4 Re8 15. Qd3
g6 16. Qf3 Bf5 17. c4 bxc4 18. Bxc4 Be4 19. Qb3 Bxg2 20. Rg1 Be4 21. Ng3 Qc8
22. O-O-O a5 23. Kb2 axb4 24. axb4 Qxh3 25. Bg5 Qh2 26. Qe3 Bxd5 27. Bxd5 Nxd5
28. Qf3 Bxe5 29. dxe5 Nxb4 30. Rg2 Qh3 31. Rh1 Qe6 32. Bf6 Qa2+ 33. Kc3 Qa3+
34. Kc4 Na5+ 35. Kd4 Qxf3 36. Rxh7 Nc2+ 37. Kc5 Qc6# 0-1

[Event "V Open Alta Padovana B"]
[Site "Loreggia ITA"]
[Date "2005.02.25"]
[Round "1"]
[White "Paris, Giorgio"]
[Black "Reginato, Sabrina"]
[Result "1-0"]
[WhiteElo "1849"]
[BlackElo "1637"]
[PlyCount "100"]
[EventDate "2005.02.25"]

1. e4 c5 2. Nf3 d6 3. d4 cxd4 4. Qxd4 Nc6 5. Bb5 Bd7 6. Bxc6 bxc6 7. c4 Nf6 8.
Nc3 g6 9. O-O Bg7 10. h3 O-O 11. Qd3 Rb8 12. e5 Bf5 13. Qe3 Nd7 14. exd6 exd6
15. Nd4 Bxd4 16. Qxd4 Qf6 17. Qxa7 Ne5 18. Rd1 Nxc4 19. Qd4 Qxd4 20. Rxd4 d5
21. b3 Nb6 22. Bf4 Rbc8 23. Rb4 Nd7 24. Rc1 f6 25. Na4 Ne5 26. Nc5 Ra8 27. a4
Ra5 28. Be3 Raa8 29. g4 Bc8 30. f4 Nf7 31. Rb6 Nd8 32. b4 Rf7 33. a5 Re7 34.
Bd4 Kf7 35. Kf2 h6 36. Re1 Rc7 37. Kg3 Ne6 38. Nxe6 Bxe6 39. Bc5 Bc8 40. Bd6
Rd7 41. Rxc6 Bb7 42. Rb6 Ra6 43. Rxa6 Bxa6 44. Bc5 d4 45. Kf2 d3 46. Rd1 Bb5
47. Ke3 Ke6 48. Kd2 Kd5 49. Re1 Rc7 50. Rf1 Rd7 1-0

[Event "V Open Alta Padovana B"]
[Site "Loreggia ITA"]
[Date "2005.02.25"]
[Round "1"]
[White "Porta, Federico"]
[Black "Bufalo, Fabrizio"]
[Result "1-0"]
[WhiteElo "1781"]
[BlackElo "1596"]
[PlyCount "47"]
[EventDate "2005.02.25"]

1. d4 Nf6 2. Nf3 g6 3. Bf4 Bg7 4. e3 O-O 5. Be2 d6 6. h3 Nbd7 7. O-O c5 8. c3
b6 9. Nbd2 Bb7 10. a4 Ne4 11. a5 Nxd2 12. Nxd2 Nf6 13. Qb3 Qc7 14. Rfe1 Ne4 15.
Nf3 cxd4 16. exd4 bxa5 17. Qa4 Rab8 18. Qxa5 Qxa5 19. Rxa5 Bc6 20. Bd3 f5 21.
b4 Nxc3 22. Rxe7 Nd5 23. Bc4 Rxb4 24. Bxd5+ 1-0

[Event "V Open Alta Padovana B"]
[Site "Loreggia ITA"]
[Date "2005.02.25"]
[Round "1"]
[White "Simioli, Stefano"]
[Black "Quaranta, Gaetano"]
[Result "0-1"]
[WhiteElo "1573"]
[BlackElo "1751"]
[PlyCount "100"]
[EventDate "2005.02.25"]

1. e4 e5 2. Nf3 Nc6 3. Bb5 a6 4. Bxc6 dxc6 5. O-O f6 6. d4 exd4 7. Nxd4 Bd6 8.
Nc3 Bd7 9. Nf5 Bxf5 10. exf5 Qd7 11. Re1+ Ne7 12. Qh5+ Kf8 13. Be3 Qxf5 14. Qe2
Kf7 15. Qc4+ Qe6 16. Qd3 Rad8 17. Bd4 Be5 18. Re4 c5 19. Rae1 Rxd4 20. Rxd4
cxd4 21. Ne4 Re8 22. f4 Nc6 23. fxe5 Qxe5 24. Qb3+ Kg6 25. Qxb7 Nd8 26. Qxa6
Re6 27. Qd3 f5 28. Qh3 fxe4 29. Rf1 Rf6 30. Qg4+ Kf7 31. Qd7+ Qe7 32. Qxd4
Rxf1+ 33. Kxf1 Qf6+ 34. Qxf6+ gxf6 35. a4 Nc6 36. c3 Ke6 37. Ke2 f5 38. g3 Kd5
39. b3 Kc5 40. Ke3 Ne5 41. a5 Ng4+ 42. Kd2 Nxh2 43. b4+ Kb5 44. c4+ Ka6 45. Ke3
Nf1+ 46. Kf2 Nd2 47. c5 Nb3 48. Ke3 Nxa5 49. bxa5 Kxa5 50. Kd4 Kb5 0-1

[Event "V Open Alta Padovana B"]
[Site "Loreggia ITA"]
[Date "2005.02.25"]
[Round "1"]
[White "Tencheni, Maurizio"]
[Black "Giordan, Daniele"]
[Result "1/2-1/2"]
[WhiteElo "1551"]
[BlackElo "1732"]
[PlyCount "121"]
[EventDate "2005.02.25"]

1. e4 d6 2. d4 Nf6 3. Nc3 g6 4. Nf3 Bg7 5. h3 c6 6. Be3 Qa5 7. Qd2 b5 8. Bd3
Ba6 9. O-O b4 10. Ne2 Bxd3 11. Qxd3 Qc7 12. Ng3 Nbd7 13. Qd2 a5 14. Bh6 O-O 15.
Bxg7 Kxg7 16. Rfc1 c5 17. c3 Qb7 18. Qc2 Rfc8 19. Qe2 Rc7 20. e5 dxe5 21. dxe5
Nd5 22. e6 Nf4 23. Qe3 Nxe6 24. c4 Nf6 25. b3 Rd7 26. Re1 Rad8 27. Ne5 Rd6 28.
Re2 Nd4 29. Rd2 e6 30. Rad1 h5 31. Ne2 Nf5 32. Qf4 Rxd2 33. Rxd2 Rxd2 34. Qxd2
Qe4 35. Nd3 Nd4 36. Ng3 Qc6 37. f3 Qd6 38. Qf2 h4 39. Ne2 Nxb3 40. Nef4 g5 41.
axb3 gxf4 42. Nxc5 Nh5 43. Nb7 Qd1+ 44. Qf1 Qxb3 45. Nxa5 Qa3 46. Nc6 b3 47.
Qd3 Qc5+ 48. Nd4 b2 49. Kh2 Qb6 50. Nb5 Qf2 51. Qb1 Qd2 52. c5 Qc1 53. Na3 Qc3
54. c6 Qxa3 55. c7 Qa1 56. Qxb2+ Qxb2 57. c8=Q Qa1 58. Qc5 Ng3 59. Qg5+ Kh8 60.
Qxh4+ Kg8 61. Qg5+ 1/2-1/2

[Event "V Open Alta Padovana B"]
[Site "Loreggia ITA"]
[Date "2005.02.25"]
[Round "1"]
[White "Tomio, Dante"]
[Black "De Minico, Nicola"]
[Result "1-0"]
[WhiteElo "1891"]
[BlackElo "1646"]
[PlyCount "41"]
[EventDate "2005.02.25"]

1. d4 c5 2. d5 Nf6 3. Nf3 d6 4. c4 Bg4 5. Nc3 e5 6. e4 Be7 7. Be2 O-O 8. h3 Bh5
9. O-O Nbd7 10. Be3 Nb6 11. Nd2 Bxe2 12. Qxe2 h6 13. Rab1 Nh7 14. a3 f5 15.
exf5 Rxf5 16. Qg4 Qf8 17. Bxh6 Qf6 18. Nce4 Qf7 19. f4 Rf8 20. fxe5 Qh5 21.
Qxg7# 1-0

[Event "V Open Alta Padovana B"]
[Site "Loreggia ITA"]
[Date "2005.02.26"]
[Round "2"]
[White "Baldi, Giancarlo"]
[Black "De Vries, Bernhard"]
[Result "1-0"]
[WhiteElo "1760"]
[BlackElo "1604"]
[PlyCount "89"]
[EventDate "2005.02.25"]

1. Nf3 d5 2. d4 Nf6 3. e3 Bg4 4. Bd3 e6 5. Nbd2 c5 6. c3 Nc6 7. O-O Bd6 8. Re1
O-O 9. dxc5 Bxc5 10. h3 Bh5 11. e4 Qb6 12. Qe2 Ne5 13. Bc2 Nxf3+ 14. gxf3 dxe4
15. Nxe4 Nxe4 16. Bxe4 f5 17. Bc2 Rfe8 18. b4 Bf8 19. Bb3 Bf7 20. Ba4 Rec8 21.
Be3 Qc7 22. Bd4 a6 23. Bb3 Re8 24. a3 Bd6 25. Be5 Bxe5 26. Qxe5 Qe7 27. Kh2
Rad8 28. Rad1 Rxd1 29. Rxd1 Qh4 30. Rd2 h6 31. c4 Bh5 32. c5 Bf7 33. f4 g5 34.
fxg5 hxg5 35. f3 Kh7 36. Rg2 Qh6 37. Bc2 Bg6 38. a4 Re7 39. b5 axb5 40. axb5
Be8 41. Bxf5+ Bg6 42. Bxg6+ Kxg6 43. c6 bxc6 44. bxc6 Re8 45. f4 1-0

[Event "V Open Alta Padovana B"]
[Site "Loreggia ITA"]
[Date "2005.02.26"]
[Round "2"]
[White "Basso, Piergiorgio"]
[Black "Tomio, Dante"]
[Result "0-1"]
[WhiteElo "1700"]
[BlackElo "1891"]
[PlyCount "72"]
[EventDate "2005.02.25"]

1. e4 c5 2. Nf3 d6 3. d4 cxd4 4. Nxd4 Nf6 5. Nc3 g6 6. Bc4 Bg7 7. O-O O-O 8.
Qe1 Nc6 9. Nf3 Bg4 10. Nh4 Rc8 11. f3 Bd7 12. Be3 Ne5 13. Bb3 Nc4 14. Bxc4 Rxc4
15. Qd2 Qc7 16. Rac1 Rc8 17. Rf2 a6 18. Nd1 Be6 19. b3 Rc6 20. Bd4 b5 21. Re2
d5 22. e5 Nd7 23. Qg5 Nf8 24. f4 Qa5 25. Ne3 Qb4 26. c3 Rxc3 27. Rxc3 Rxc3 28.
Bxc3 Qxc3 29. Qxe7 d4 30. Nf1 Bg4 31. Rf2 d3 32. Qd6 Ne6 33. a3 Bf8 34. Qb8 Kg7
35. Rd2 Bc5+ 36. Kh1 Qd4 0-1

[Event "V Open Alta Padovana B"]
[Site "Loreggia ITA"]
[Date "2005.02.26"]
[Round "2"]
[White "Bonani, Georg"]
[Black "Bellemo, Davide"]
[Result "0-1"]
[WhiteElo "1892"]
[BlackElo "1742"]
[PlyCount "104"]
[EventDate "2005.02.25"]

1. e4 e5 2. f4 Bc5 3. Nf3 d6 4. c3 Nf6 5. d4 exd4 6. cxd4 Bb4+ 7. Bd2 Bxd2+ 8.
Nbxd2 O-O 9. Bd3 Re8 10. O-O Bg4 11. h3 Bxf3 12. Qxf3 Nc6 13. Qf2 Qd7 14. Rae1
Re7 15. Re2 Rae8 16. Rfe1 Nb4 17. Bb1 Qb5 18. Re3 c5 19. Rb3 Qd7 20. d5 Nfxd5
21. Qh4 h6 22. Rg3 Kh8 23. Nf3 Nf6 24. a3 Nc6 25. Ng5 Nd4 26. Rge3 Nf5 27.
Nxf7+ Kg8 28. exf5 Rxe3 29. Rxe3 Rxe3 30. Ba2 Kf8 31. Nxh6 Ke8 32. Ng4 Nxg4 33.
Qh8+ Ke7 34. Qxg7+ Kd8 35. Qxd7+ Kxd7 36. hxg4 Ke7 37. g5 b5 38. f6+ Kf8 39.
Kf2 Re4 40. Kf3 Re1 41. Bd5 Rd1 42. Ke4 Rd4+ 43. Kf5 Rxd5+ 44. Ke6 Rd2 45. g6
Re2+ 46. Kxd6 c4 47. g4 Re4 48. g5 Rxf4 49. g7+ Kg8 50. Ke7 Re4+ 51. Kd6 Re2
52. g6 Rxb2 0-1

[Event "V Open Alta Padovana B"]
[Site "Loreggia ITA"]
[Date "2005.02.26"]
[Round "2"]
[White "Bonollo, Sergio"]
[Black "Sanavio, Giancarlo"]
[Result "0-1"]
[WhiteElo "1859"]
[BlackElo "1685"]
[PlyCount "74"]
[EventDate "2005.02.25"]

1. e4 d5 2. exd5 Nf6 3. c4 c6 4. dxc6 Nxc6 5. d3 e5 6. Nc3 Bc5 7. Be3 Bxe3 8.
fxe3 O-O 9. Be2 Qb6 10. Qd2 Rd8 11. O-O-O Be6 12. Na4 Qc7 13. Qc2 Ng4 14. Bxg4
Bxg4 15. Nf3 a6 16. Kb1 b5 17. cxb5 axb5 18. Nc3 Ra5 19. b3 Nb4 20. Qb2 Nxd3
21. Qd2 b4 22. Na4 Bf5 23. Ka1 Rad5 24. Qe2 Bg4 25. h3 Bh5 26. g4 Bg6 27. Rhf1
Ra5 28. Nb2 Qc3 29. Qd2 Qxb3 30. Nxd3 Rxd3 31. Nxe5 Rxd2 32. Rxd2 Qc3+ 33. Rb2
Qxe5 34. Rc1 Rxa2+ 35. Kxa2 Qa5+ 36. Kb3 Qa3+ 37. Kc4 Qxb2 0-1

[Event "V Open Alta Padovana B"]
[Site "Loreggia ITA"]
[Date "2005.02.26"]
[Round "2"]
[White "Bufalo, Fabrizio"]
[Black "Demiraj, Rumi"]
[Result "0-1"]
[WhiteElo "1596"]
[BlackElo "1967"]
[PlyCount "66"]
[EventDate "2005.02.25"]

1. d4 e5 2. e3 e4 3. c4 Bb4+ 4. Bd2 Bxd2+ 5. Nxd2 f5 6. Ne2 Nf6 7. Nc3 O-O 8.
Be2 c6 9. g4 d5 10. Rg1 fxg4 11. Qb3 Kh8 12. cxd5 cxd5 13. Rc1 Nc6 14. Na4 Qd6
15. Nf1 h5 16. Qc2 Rf7 17. Bb5 Qb4+ 18. Nc3 a6 19. Bxc6 bxc6 20. a3 Qa5 21. Ng3
Bd7 22. Nge2 g5 23. Kf1 c5 24. dxc5 Qxc5 25. Nd4 Qd6 26. Kg2 h4 27. Kh1 Nh5 28.
Qe2 Nf6 29. h3 g3 30. fxg3 hxg3 31. Qg2 Nh5 32. Qe2 Bxh3 33. Qxh5+ Rh7 0-1

[Event "V Open Alta Padovana B"]
[Site "Loreggia ITA"]
[Date "2005.02.26"]
[Round "2"]
[White "Colusso, Enrico"]
[Black "Tencheni, Maurizio"]
[Result "1-0"]
[WhiteElo "1712"]
[BlackElo "1551"]
[PlyCount "125"]
[EventDate "2005.02.25"]

1. e4 c5 2. f4 d6 3. Nf3 Nc6 4. d3 Bg4 5. h3 Bxf3 6. Qxf3 Nd4 7. Qf2 e6 8. c3
Nc6 9. Nd2 Nf6 10. g4 Be7 11. Nf3 h6 12. Bg2 Nd7 13. O-O b5 14. g5 hxg5 15.
fxg5 Nde5 16. Nxe5 Nxe5 17. d4 cxd4 18. cxd4 Nd3 19. Qxf7+ Kd7 20. Be3 Qg8 21.
g6 Rf8 22. Qxg8 Rhxg8 23. b3 Rf6 24. Rxf6 Bxf6 25. Bf1 Nb4 26. Bxb5+ Kd8 27.
Bf2 Rh8 28. Be2 Rh6 29. a4 Rxg6+ 30. Bg4 Nc2 31. Rd1 Bg5 32. Rd3 Bf6 33. e5 Be7
34. Rc3 Nb4 35. exd6 Bxd6 36. Kf1 Nd5 37. Rc6 Kd7 38. Ra6 Bb8 39. Ra5 Nf6 40.
d5 Nxg4 41. dxe6+ Rxe6 42. hxg4 Rf6 43. Ke2 Re6+ 44. Kd3 a6 45. Rf5 Rd6+ 46.
Kc4 Rc6+ 47. Kd3 Rd6+ 48. Kc2 Rc6+ 49. Kb2 Ke6 50. Bd4 g6 51. Rf6+ Kd5 52. Rxc6
Kxc6 53. Kc3 Bf4 54. b4 Kd5 55. b5 axb5 56. axb5 Bd6 57. Kd3 Bb8 58. b6 Bd6 59.
b7 Bb8 60. Ke3 Kd6 61. Ke4 Ke6 62. Kf3 Kd5 63. Be3 1-0

[Event "V Open Alta Padovana B"]
[Site "Loreggia ITA"]
[Date "2005.02.26"]
[Round "2"]
[White "Dal Maschio, Costantino"]
[Black "Fogliato, Denis"]
[Result "1-0"]
[WhiteElo "1844"]
[BlackElo "1599"]
[PlyCount "74"]
[EventDate "2005.02.25"]

1. e4 c5 2. Nf3 d6 3. d4 cxd4 4. Nxd4 Nf6 5. Nc3 e6 6. Be2 Be7 7. O-O O-O 8.
Be3 a6 9. Qd2 b5 10. a3 Bb7 11. f3 Nc6 12. Rad1 Qc7 13. Rfe1 Rac8 14. Bf1 Rfd8
15. Qf2 Nd7 16. Kh1 Nce5 17. Qg3 Nb6 18. Bc1 Nec4 19. Nce2 d5 20. e5 Nxe5 21.
Bf4 Bd6 22. Qh3 Nec4 23. Bc1 e5 24. Nf5 Bf8 25. Neg3 f6 26. Bd3 g6 27. Qg4 Kh8
28. Nh4 e4 29. fxe4 dxe4 30. Nxe4 Bxe4 31. Qxe4 Ne5 32. Nf3 Nxd3 33. cxd3 Qd7
34. Qe6 Rc6 35. Qxd7 Rxd7 36. d4 Kg8 37. Kg1 Kf7 1-0

[Event "V Open Alta Padovana B"]
[Site "Loreggia ITA"]
[Date "2005.02.26"]
[Round "2"]
[White "De Minico, Nicola"]
[Black "Simioli, Stefano"]
[Result "1/2-1/2"]
[WhiteElo "1646"]
[BlackElo "1573"]
[PlyCount "84"]
[EventDate "2005.02.25"]

1. e4 c5 2. c3 d5 3. exd5 Qxd5 4. d4 e6 5. Nf3 Nf6 6. Bb5+ Bd7 7. Bxd7+ Nbxd7
8. O-O Be7 9. Be3 cxd4 10. Nxd4 O-O 11. Qe2 Rfd8 12. Nd2 a6 13. N2f3 Rac8 14.
Rad1 Qxa2 15. Rd2 Qc4 16. Rd3 Nc5 17. Rd2 Qxe2 18. Rxe2 Nce4 19. Rfe1 Rd5 20.
h3 h6 21. Bf4 Nc5 22. Ne5 Nfd7 23. g4 Nxe5 24. Bxe5 Nd7 25. Bg3 Bf6 26. Nc2 Nb6
27. Ne3 Rd3 28. f4 Nc4 29. Bf2 Nxe3 30. Bxe3 Bh4 31. Rf1 Rcd8 32. Kg2 Rd1 33.
Rf3 Be7 34. Bd4 Rd5 35. f5 Bc5 36. fxe6 fxe6 37. Bxc5 Rxc5 38. Rxe6 Rd2+ 39.
Rf2 Rcd5 40. Rb6 Rxf2+ 41. Kxf2 Rd7 42. Kf3 Kf7 1/2-1/2

[Event "V Open Alta Padovana B"]
[Site "Loreggia ITA"]
[Date "2005.02.26"]
[Round "2"]
[White "Fracasso Pezzolato, Michele"]
[Black "Porta, Federico"]
[Result "0-1"]
[WhiteElo "1685"]
[BlackElo "1781"]
[PlyCount "70"]
[EventDate "2005.02.25"]

1. e4 d5 2. exd5 Qxd5 3. Nc3 Qa5 4. Bc4 Nf6 5. d3 c6 6. Nge2 Bf5 7. O-O Nbd7 8.
b4 Qc7 9. Nd4 Bg4 10. f3 Bh5 11. Qe2 O-O-O 12. b5 Nb6 13. Qf2 c5 14. Nb3 e6 15.
Be3 Bd6 16. g3 Be5 17. Bd2 Nbd5 18. Bxd5 Nxd5 19. Nxd5 Rxd5 20. Rab1 Bg6 21.
Be3 b6 22. d4 cxd4 23. Nxd4 Bxd4 24. Bxd4 Rhd8 25. Be3 Kb7 26. Rb2 Qc3 27. Rb3
Qxc2 28. Qxc2 Bxc2 29. Rc3 Bd3 30. Rfc1 R8d7 31. a4 Be2 32. Kf2 Bd3 33. Rc8 Rd8
34. Rxd8 Rxd8 35. Rd1 Rd5 0-1

[Event "V Open Alta Padovana B"]
[Site "Loreggia ITA"]
[Date "2005.02.26"]
[Round "2"]
[White "Giordan, Daniele"]
[Black "Zanetto, Marco"]
[Result "0-1"]
[WhiteElo "1732"]
[BlackElo "1691"]
[PlyCount "94"]
[EventDate "2005.02.25"]

1. e4 e5 2. Nf3 Nc6 3. Bb5 a6 4. Ba4 Nf6 5. O-O Nxe4 6. d4 b5 7. Bb3 d5 8. dxe5
Be6 9. Be3 Bc5 10. Nd4 Nxd4 11. Bxd4 Bxd4 12. Qxd4 c5 13. Qe3 c4 14. f3 cxb3
15. cxb3 Qc7 16. fxe4 Qxe5 17. Nd2 O-O 18. Nf3 Qxe4 19. Qxe4 dxe4 20. Ng5 Bd5
21. Rad1 Rad8 22. Rd4 e3 23. Re1 f6 24. Nh3 Bc6 25. Rdd1 Rd2 26. Rxd2 exd2 27.
Rd1 Rd8 28. Kf2 Be4 29. Ke3 Bxg2 30. Nf2 f5 31. Rxd2 Rxd2 32. Kxd2 Kf7 33. b4
Bf1 34. b3 Kf6 35. Ke1 Bg2 36. Nd3 Be4 37. Nc5 Bb1 38. a3 Ba2 39. Kd2 f4 40.
Kc2 g5 41. Nxa6 f3 42. Kd2 Bxb3 43. Ke3 g4 44. Nc5 Bc2 45. Na6 Ke5 46. Nc7 Ba4
47. Kf2 h5 0-1

[Event "V Open Alta Padovana B"]
[Site "Loreggia ITA"]
[Date "2005.02.26"]
[Round "2"]
[White "Molena, Paolo"]
[Black "Pomaro, Stefano"]
[Result "0-1"]
[WhiteElo "1541"]
[BlackElo "1723"]
[PlyCount "52"]
[EventDate "2005.02.25"]

1. Nf3 f5 2. g3 Nf6 3. Bg2 d6 4. O-O e5 5. d3 Be7 6. Bg5 O-O 7. Nbd2 h6 8. Bxf6
Bxf6 9. c4 a5 10. Rb1 Na6 11. a3 c5 12. Qb3 Ra7 13. Ne1 Bd7 14. Bxb7 Nb4 15.
Bg2 Nc6 16. Bd5+ Kh8 17. Bxc6 Bxc6 18. e4 Bg5 19. Nef3 Raf7 20. Nxg5 Qxg5 21.
f4 exf4 22. Rxf4 fxe4 23. Nxe4 Bxe4 24. Rxe4 Rf2 25. Rbe1 Qh5 26. Rh4 Qf3 0-1

[Event "V Open Alta Padovana B"]
[Site "Loreggia ITA"]
[Date "2005.02.26"]
[Round "2"]
[White "Mosca, Giulia"]
[Black "Gerundino, Nicola"]
[Result "0-1"]
[WhiteElo "1587"]
[BlackElo "1826"]
[PlyCount "54"]
[EventDate "2005.02.25"]

1. e4 c5 2. Nc3 Nc6 3. g3 g6 4. Bg2 Bg7 5. d3 e6 6. Be3 Nd4 7. Qd2 Rb8 8. Nge2
Ne7 9. O-O b5 10. Nd1 Nec6 11. c3 Nxe2+ 12. Qxe2 d6 13. f4 Bb7 14. Bd2 O-O 15.
f5 exf5 16. exf5 Re8 17. Qf2 Ne5 18. fxg6 fxg6 19. Bxb7 Rxb7 20. d4 Rf7 21. Qg2
Rxf1+ 22. Qxf1 cxd4 23. cxd4 Rf8 24. Qe2 Nf3+ 25. Kg2 Qa8 26. Qe6+ Kh8 27. Qxd6
Nxd2+ 0-1

[Event "V Open Alta Padovana B"]
[Site "Loreggia ITA"]
[Date "2005.02.26"]
[Round "2"]
[White "Omeri, Silvan"]
[Black "Favero, Graziano"]
[Result "1-0"]
[WhiteElo "1600"]
[BlackElo "1751"]
[PlyCount "107"]
[EventDate "2005.02.25"]

1. e4 d6 2. d4 Nf6 3. Bd3 g6 4. c3 Bg7 5. f4 O-O 6. Nf3 c5 7. Be3 cxd4 8. Nxd4
e5 9. Nf3 Ng4 10. Bc1 Qb6 11. Qe2 exf4 12. Bxf4 Ne5 13. Nxe5 dxe5 14. Be3 Qc7
15. Bc4 Nc6 16. O-O Nd8 17. Bd5 Ne6 18. Na3 Nf4 19. Bxf4 exf4 20. Qf2 Bh6 21.
Qh4 Qb6+ 22. Kh1 g5 23. Qh5 Qg6 24. Qxg6+ hxg6 25. Nb5 a6 26. Nd6 Rb8 27. a4
Be6 28. Bxe6 fxe6 29. h3 Rfd8 30. Rad1 Bf8 31. Nc4 Be7 32. Ne5 Rxd1 33. Rxd1
Rd8 34. Rxd8+ Bxd8 35. Kg1 Kg7 36. Kf1 Bc7 37. Nd3 Bb6 38. Ke2 Kf6 39. Kf3 e5
40. Kg4 Be3 41. Nb4 Ke6 42. Nd5 Bc1 43. b4 Kd6 44. c4 a5 45. bxa5 Kc5 46. Ne7
Kxc4 47. Nxg6 Kd4 48. Kf5 Bd2 49. Nxe5 Bxa5 50. Nf3+ Ke3 51. Nxg5 Bc7 52. e5
Bd8 53. Ne6 f3 54. gxf3 1-0